00370pab a2200133 454500008004000000100002700040245007400067260000900141300001500150362001200165650002000177700002100197773001800218180718b2013 xxu||||| |||| 00| 0 eng d aD'Souza, Alwyn Prakash aPublic health service in Karnataka: A comparison with southern states c2013 ap.278-290. aJul-Sep aHealth services aLeelavathi, D.S. aSocial Action